Las relaciones intergubernamentales de la Comunidad de Madrid (Record no. 184254)

MARC details
000 -LEADER
campo de control de longitud fija 01325nam a2200301 i 4500
001 - NÚMERO DE CONTROL
campo de control 184254
003 - IDENTIFICADOR DE NÚMERO DE CONTROL
campo de control ES-MaACL
005 - FECHA Y HORA DE LA ÚLTIMA TRANSACCIÓN
campo de control 20240129115700.0
008 - DATOS DE LONGITUD FIJA--INFORMACIÓN GENERAL
campo de control de longitud fija 150601s2006 sp d |||| | spa d
020 ## - NÚMERO INTERNACIONAL ESTÁNDAR DEL LIBRO
Número Internacional Estándar del Libro 84-451-2817-5
080 ## - NÚMERO DE LA CLASIFICACIÓN DECIMAL UNIVERSAL
Número de la Clasificación Decimal Universal 35(460).072.3:316.654
080 ## - NÚMERO DE LA CLASIFICACIÓN DECIMAL UNIVERSAL
Número de la Clasificación Decimal Universal 353.9(460.27):316.654
245 04 - MENCIÓN DEL TÍTULO
Título Las relaciones intergubernamentales de la Comunidad de Madrid
Resto del título : la visión de políticos y ciudadanos /
Mención de responsabilidad, etc. Eduardo López-Aranguren ... [et al.].
250 ## - MENCION DE EDICION
Mención de edición 1ª ed.
260 ## - PUBLICACIÓN, DISTRIBUCIÓN, ETC.
Lugar de publicación, distribución, etc. Madrid :
Nombre del editor, distribuidor, etc. Consejo Económico y Social,
Fecha de publicación, distribución, etc. 2006.
300 ## - DESCRIPCIÓN FÍSICA
Extensión 155 p. :
Otras características físicas gráf. ;
Dimensiones 23 cm.
490 1# - MENCIÓN DE SERIE
Mención de serie Colección de estudios ;
Designación de volumen o secuencia 26
500 ## - NOTA GENERAL
Nota general Anexos: I. Guía para las entrevistas en profundidad - II. Cuestionario - III. Informe del campo - IV. Número de entrevistas por municipio.
504 ## - NOTA DE BIBLIOGRAFÍA, ETC.
Nota de bibliografía, etc. Referencias bibliográficas.
650 #7 - PUNTO DE ACCESO ADICIONAL DE MATERIA--TÉRMINO DE MATERIA
Término de materia o nombre geográfico como elemento de entrada Cooperación administrativa.
9 (RLIN) 156930
651 #7 - PUNTO DE ACCESO ADICIONAL DE MATERIA--NOMBRE GEOGRÁFICO
Nombre geográfico Madrid (Comunidad Autónoma)-
Subdivisión general Administración-
-- Opinión pública.
9 (RLIN) 156931
700 1# - ENTRADA AGREGADA--NOMBRE PERSONAL
Nombre de persona López Aranguren, Eduardo María.
9 (RLIN) 73411
710 2# - ENTRADA AGREGADA--NOMBRE DE ENTIDAD CORPORATIVA
Nombre de entidad corporativa o nombre de jurisdicción como elemento de entrada Consejo Económico y Social de la Comunidad de Madrid.
9 (RLIN) 156932
830 0# - PUNTO DE ACCESO ADICIONAL DE SERIE-TÍTULO UNIFORME
Título uniforme Colección de estudios ;
Designación de volumen o secuencia 26
9 (RLIN) 179478
852 ## - LOCALIZACIÓN
Ubicación ES-MaACL
Número de control de estantería A-11284
itemnumber 191239
Sublocalización o colección R.145634
Ubicación en estantería Depósito 1
Signatura antigua Olim: N-4288
942 ## - ELEMENTOS DE ENTRADA SECUNDARIOS (KOHA)
Fuente del sistema de clasificación o colocación Clasificación decimal universal
Tipo de ítem Koha Libro impreso
Holdings
Estatus retirado Estado de pérdida Fuente del sistema de clasificación o colocación Estado de daño No para préstamo Biblioteca de origen Biblioteca actual Ubicación en estantería Fecha de adquisición Fuente de adquisición Total de préstamos Signatura topográfica completa Código de barras Visto por última vez Precio de reemplazo Tipo de ítem Koha
    Clasificación decimal universal     Biblioteca del Ateneo de Madrid Biblioteca del Ateneo de Madrid Depósito 1 01/06/2015 Compra   A-11284 1193816 23/02/2023 23/02/2023 Libro impreso